000 00826nam a2200253 i 4500
001 129406
003 ES-MaACL
005 20250728092619.0
007 t|
008 070614s1968 sp ||||1| spa d
080 _a342.4(671.8/.9)(094)
080 _a967.18/.9
245 0 0 _aTextos fundamentales de Guinea Ecuatorial.
260 _aMadrid :
_bServicio Informativo Español,
_c1968.
300 _a150 p. ;
_c21 cm.
490 1 _aDocumentos históricos ;
_v5
610 1 4 _aGuinea Ecuatorial.
_tConstitución.
_9174957
651 _aGuinea Ecuatorial-
_xHistoria.
_98809
710 1 _aEspaña.
_bMinisterio de Información y Turismo.
_bServicio Informativo Español.
_93888
830 1 0 _aDocumentos históricos
_v5
_9183347
852 4 _aES-MaACL
_jC-34677
852 4 _aES-MaACL
_jC-34678
999 _c129406
_d129406